On understanding the Quaid-i-Azam (Record no. 70310)

000 -LEADER
fixed length control field 00418nam a22001577a 4500
003 - CONTROL NUMBER IDENTIFIER
control field NUST - PNEC
005 - DATE AND TIME OF LATEST TRANSACTION
control field 20170116181137.0
008 - FIXED-LENGTH DATA ELEMENTS--GENERAL INFORMATION
fixed length control field 151007b xxu||||| |||| 00| 0 eng d
040 ## - CATALOGING SOURCE
Transcribing agency LIBRARY
082 ## - DEWEY DECIMAL CLASSIFICATION NUMBER
Classification number 954.9 HAM
100 ## - MAIN ENTRY--PERSONAL NAME
9 (RLIN) 14410
Personal name Hamid, Abdul
245 ## - TITLE STATEMENT
Title On understanding the Quaid-i-Azam
Statement of responsibility, etc. Abdul Hamid
260 ## - PUBLICATION, DISTRIBUTION, ETC.
Date of publication, distribution, etc. 1977
650 ## - SUBJECT ADDED ENTRY--TOPICAL TERM
9 (RLIN) 14408
Topical term or geographic name entry element Jinnah, Mahomed Ali, 1876-1948
General subdivision General
942 ## - ADDED ENTRY ELEMENTS (KOHA)
Source of classification or shelving scheme
Koha item type Book
Holdings
Withdrawn status Lost status Source of classification or shelving scheme Damaged status Not for loan Permanent Location Current Location Shelving location Date acquired Total Checkouts Full call number Barcode Date last seen Price effective from Koha item type
          Pakistan Navy Engineering College (PNEC) Pakistan Navy Engineering College (PNEC)       954.9 HAM PNECLIB-006417 10/07/2015   Book
© 2023 Central Library, National University of Sciences and Technology. All Rights Reserved.